Японская система продления жизни (Запись № 11033098)

Подробности
000 -МАРКЕР
контрольное поле 01802nam0a2200385 4500
001 - ИДЕНТИФИКАТОР ЗАПИСИ
контрольное поле RU\NLR\BIBL_A\011630827
005 - ИДЕНТИФИКАТОР ВЕРСИИ
контрольное поле 20180302120127.0
010 ## - МЕЖДУНАРОДНЫЙ СТАНДАРТНЫЙ НОМЕР КНИГИ (ISBN)
Номер (ISBN) 978-5-386-10415-3
021 ## - НОМЕР ГОСУДАРСТВЕННОЙ РЕГИСТРАЦИИ
Код страны российская федерация
Номер КН-П-18-0264
Номер Листа государственной регистраци КН-П-18-003843
035 ## - ДРУГИЕ СИСТЕМНЫЕ НОМЕРА
Идентификатор записи (NLR Aleph) 011630827
035 ## - ДРУГИЕ СИСТЕМНЫЕ НОМЕРА
Идентификатор записи (RuMoRGB)009524111
100 ## - ДАННЫЕ ОБЩЕЙ ОБРАБОТКИ
Данные общей обработки 20180216d2018 k y0rusy50 ca
101 1# - ЯЗЫК РЕСУРСА
Язык текста, звукозаписи и т.д. русский
Язык оригинала английский
102 ## - СТРАНА ПУБЛИКАЦИИ ИЛИ ПРОИЗВОДСТВА
Страна публикации российская федерация
105 ## - ПОЛЕ КОДИРОВАННЫХ ДАННЫХ: ТЕКСТОВЫЕ МАТЕРИАЛЫ, МОНОГРАФИЧЕСКИЕ
Кодированные данные о монографическом текстовом документе ab z 000zy
200 1# - ЗАГЛАВИЕ И СВЕДЕНИЯ ОБ ОТВЕТСТВЕННОСТИ
Основное заглавие Японская система продления жизни
Сведения, относящиеся к заглавию секреты страны Восходящего Солнца
-- [программа острова Окинава]
Первые сведения об ответственности Б. Дж. Уилкокс, Д. К. Уилкокс, М. Судзуки
Последующие сведения об ответственности [перевод с английского Е. Г. Богдановой]
210 ## - ПУБЛИКАЦИЯ, РАСПРОСТРАНЕНИЕ И ДР.
Место издания, распространения и т.д. Москва
Имя издателя, распространителя и т. д. Рипол классик
Дата издания, распространения и т.д. 2018
215 ## - ФИЗИЧЕСКАЯ ХАРАКТЕРИСТИКА
Специфическое обозначение материала и объем 539, [2] с.
Другие сведения о физической характеристике ил., карты
Размеры 21
225 1# - СЕРИЯ
Основное заглавие серии Happy life
300 ## - ОБЩИЕ ПРИМЕЧАНИЯ
Текст примечания Загл. и авт. ориг.: The Okinawa program / Bradley J. Willocox, M. D., D. Craig Willcox, Ph. D. and Makoto Suzuki, M. D.
333 ## - ПРИМЕЧАНИЯ ОБ ОСОБЕННОСТЯХ РАСПРОСТРАНЕНИЯ И ИСПОЛЬЗОВАНИЯ
Текст примечания 16+
454 #0 - ОРИГИНАЛ (ПЕРЕВОДА)
Встроенное поле 2001#$aThe Okinawa program
-- 700#1$aWillocox$bB. J.$gBradley J
-- 701#1$aWillcox$bD. G.$gD. Craig
-- 701#1$aSuzuki$bM.$gMakoto
606 1# - НАИМЕНОВАНИЕ ТЕМЫ КАК ПРЕДМЕТ
Наименование темы Жизнь
Тематический подзаголовок Продление
Географический подзаголовок Япония
Код системы nlr_sh2
Идентификатор авторитетной/нормативной записи RU\NLR\AUTH\661508073
606 1# - НАИМЕНОВАНИЕ ТЕМЫ КАК ПРЕДМЕТ
Наименование темы Здоровье
Тематический подзаголовок Влияние образа жизни
Географический подзаголовок Япония
Код системы nlr_sh2
Идентификатор авторитетной/нормативной записи RU\NLR\AUTH\661485414
686 ## - ИНДЕКСЫ ДРУГИХ КЛАССИФИКАЦИЙ
Индекс Р120.4я9
Код системы
686 1# - ИНДЕКСЫ ДРУГИХ КЛАССИФИКАЦИЙ
Индекс Р120.4(5Я)
686 1# - ИНДЕКСЫ ДРУГИХ КЛАССИФИКАЦИЙ
Индекс Р123.0
700 #1 - ИМЯ ЛИЦА - ПЕРВИЧНАЯ ОТВЕТСТВЕННОСТЬ
Начальный элемент ввода Уилкокс
Часть имени, кроме начального элемента ввода Б. Д.
Расширение инициалов личного имени Брэдли Дж
701 #1 - ИМЯ ЛИЦА - АЛЬТЕРНАТИВНАЯ ОТВЕТСТВЕННОСТЬ
Начальный элемент ввода Уилкокс
Часть имени, кроме начального элемента ввода Д. К.
Расширение инициалов личного имени Д. Крэйг
701 #1 - ИМЯ ЛИЦА - АЛЬТЕРНАТИВНАЯ ОТВЕТСТВЕННОСТЬ
Начальный элемент ввода Судзуки
Часть имени, кроме начального элемента ввода М.
Расширение инициалов личного имени Макото
Идентификатор авторитетной/нормативной записи RU\NLR\AUTH\770128440
942 ## - ДОПОЛНИТЕЛЬНЫЕ ЭЛЕМЕНТЫ ЗАПИСИ (АБИС)
Тип экземпляра АБИС Книга
980 ## - КОЛЛЕКЦИЯ
Название коллекции НБР
980 ## - КОЛЛЕКЦИЯ
Название коллекции Национальная библиография

Нет доступных экземпляров.